I know you remember / (Record no. 373660)
[ view plain ]
| 000 -LEADER | |
|---|---|
| fixed length control field | 02264pam a2200577 i 4500 |
| 001 - CONTROL NUMBER | |
| control field | 2999339 |
| 005 - DATE AND TIME OF LATEST TRANSACTION | |
| control field | 20220512145010.0 |
| 008 - FIXED-LENGTH DATA ELEMENTS--GENERAL INFORMATION | |
| fixed length control field | 190327s2019 nyu d 000 1 eng |
| 010 ## - LIBRARY OF CONGRESS CONTROL NUMBER | |
| LC control number | 2019011070 |
| 020 ## - INTERNATIONAL STANDARD BOOK NUMBER | |
| International Standard Book Number | 9781595148544 (hardback) : |
| Terms of availability | $18.99 |
| 020 ## - INTERNATIONAL STANDARD BOOK NUMBER | |
| International Standard Book Number | 159514854X : |
| Terms of availability | $18.99 |
| 035 ## - SYSTEM CONTROL NUMBER | |
| System control number | (OCoLC)1083228734 |
| 035 ## - SYSTEM CONTROL NUMBER | |
| System control number | (OCoLC)on1083228734 |
| 035 ## - SYSTEM CONTROL NUMBER | |
| System control number | 2884247 |
| 035 ## - SYSTEM CONTROL NUMBER | |
| System control number | 2895535 |
| 035 ## - SYSTEM CONTROL NUMBER | |
| System control number | 2895535 |
| 040 ## - CATALOGING SOURCE | |
| Original cataloging agency | DLC |
| Language of cataloging | eng |
| Description conventions | rda |
| Transcribing agency | DLC |
| Modifying agency | DLC |
| 042 ## - AUTHENTICATION CODE | |
| Authentication code | lcac |
| -- | pcc |
| 049 ## - LOCAL HOLDINGS (OCLC) | |
| Holding library | IGAA |
| 050 00 - LIBRARY OF CONGRESS CALL NUMBER | |
| Classification number | PZ7.1.D644 |
| Item number | Iak 2019 |
| 082 00 - DEWEY DECIMAL CLASSIFICATION NUMBER | |
| Classification number | [Fic] |
| Edition number | 23 |
| 092 ## - LOCALLY ASSIGNED DEWEY CALL NUMBER (OCLC) | |
| Classification number | young adult fiction |
| Item number | Donaldson |
| 100 1# - MAIN ENTRY--PERSONAL NAME | |
| Personal name | Donaldson, Jennifer |
| Titles and other words associated with a name | (Young adult author), |
| Relator term | author. |
| 9 (RLIN) | 6448085 |
| 245 10 - TITLE STATEMENT | |
| Title | I know you remember / |
| Statement of responsibility, etc | Jennifer Donaldson. |
| 264 #1 - Production, Publication, Distribution, Manufacture, and Copyright Notice. | |
| Place of production, publication, distribution, manufacture | New York, NY : |
| Name of producer, publisher, distributor, manufacturer | Razorbill, |
| Date of production, publication, distribution, manufacture, or copyr | 2019. |
| 300 ## - PHYSICAL DESCRIPTION | |
| Extent | 326 pages ; |
| Dimensions | 22 cm |
| 336 ## - Content Type | |
| Content type term | text |
| 337 ## - Media type | |
| Media type term | unmediated |
| 338 ## - Carrier type | |
| Carrier type term | volume |
| 520 ## - SUMMARY, ETC. | |
| Summary, etc | After moving back to Anchorage and discovering the mysterious disappearance of her best friend, high school senior Ruthie embarks on a search that reveals dark secrets. |
| 521 1# - TARGET AUDIENCE NOTE | |
| Target audience note | 14-19 |
| Source | Brodart. |
| 521 2# - TARGET AUDIENCE NOTE | |
| Target audience note | 9-12 |
| Source | Brodart. |
| 650 #1 - SUBJECT ADDED ENTRY--TOPICAL TERM | |
| Topical term or geographic name as entry element | Missing children |
| Form subdivision | Fiction. |
| 9 (RLIN) | 5674235 |
| 650 #1 - SUBJECT ADDED ENTRY--TOPICAL TERM | |
| Topical term or geographic name as entry element | Secrets |
| Form subdivision | Fiction. |
| 9 (RLIN) | 5673929 |
| 650 #1 - SUBJECT ADDED ENTRY--TOPICAL TERM | |
| Topical term or geographic name as entry element | Mental illness |
| Form subdivision | Fiction. |
| 9 (RLIN) | 5679985 |
| 650 #1 - SUBJECT ADDED ENTRY--TOPICAL TERM | |
| Topical term or geographic name as entry element | Best friends |
| Form subdivision | Fiction. |
| 9 (RLIN) | 5675106 |
| 650 #1 - SUBJECT ADDED ENTRY--TOPICAL TERM | |
| Topical term or geographic name as entry element | Friendship |
| Form subdivision | Fiction. |
| 9 (RLIN) | 5673769 |
| 650 #0 - SUBJECT ADDED ENTRY--TOPICAL TERM | |
| Topical term or geographic name as entry element | Missing children |
| Form subdivision | Juvenile fiction. |
| 9 (RLIN) | 5680789 |
| 650 #0 - SUBJECT ADDED ENTRY--TOPICAL TERM | |
| Topical term or geographic name as entry element | Secrecy |
| Form subdivision | Juvenile fiction. |
| 9 (RLIN) | 5673924 |
| 650 #0 - SUBJECT ADDED ENTRY--TOPICAL TERM | |
| Topical term or geographic name as entry element | Mental illness |
| Form subdivision | Juvenile fiction. |
| 9 (RLIN) | 5774124 |
| 650 #7 - SUBJECT ADDED ENTRY--TOPICAL TERM | |
| Topical term or geographic name as entry element | YOUNG ADULT FICTION / Mysteries & Detective Stories |
| Source of heading or term | bisacsh |
| 9 (RLIN) | 5718248 |
| 650 #7 - SUBJECT ADDED ENTRY--TOPICAL TERM | |
| Topical term or geographic name as entry element | YOUNG ADULT FICTION / Romance / General. |
| Source of heading or term | bisacsh |
| 9 (RLIN) | 5987581 |
| 650 #7 - SUBJECT ADDED ENTRY--TOPICAL TERM | |
| Topical term or geographic name as entry element | YOUNG ADULT FICTION / Social Themes / Friendship |
| Source of heading or term | bisacsh |
| 9 (RLIN) | 5718249 |
| 651 #1 - SUBJECT ADDED ENTRY--GEOGRAPHIC NAME | |
| Geographic name | Anchorage (Alaska) |
| Form subdivision | Fiction. |
| 9 (RLIN) | 6448086 |
| 942 ## - ADDED ENTRY ELEMENTS (KOHA) | |
| Source of classification or shelving scheme | Dewey Decimal Classification |
| Koha item type | BOOK |
| Withdrawn status | Lost status | Source of classification or shelving scheme | Damaged status | Not for loan | Collection code | Home library | Current library | Shelving location | Date acquired | Source of acquisition | Total Checkouts | Total Renewals | Full call number | Barcode | Date last seen | Date checked out | Cost, replacement price | Price effective from | Koha item type |
|---|---|---|---|---|---|---|---|---|---|---|---|---|---|---|---|---|---|---|---|
| Dewey Decimal Classification | Young Adult Fiction | Wasatch County Library | Wasatch County Library | Main Floor Teen Area | 05/12/2022 | Amazon | 7 | 5 | YA Donaldson | 34301001843574 | 07/14/2025 | 06/23/2025 | 18.99 | 05/12/2022 | BOOK |
